Les langues officielles en Asie - Statistiques

Statistiques générales
  • Ce quiz a été pris 169 fois
    68 depuis la dernière actualisation
  • Le résultat moyen est 45 sur 63
Statistiques - réponses
Pays Langue % Correct
Arabie Saoudite Arabe
96%
Bahreïn Arabe
96%
Émirats Arabes Unis Arabe
96%
Irak Arabe
96%
Jordanie Arabe
96%
Koweït Arabe
96%
Liban Arabe
96%
Oman Arabe
96%
Palestine Arabe
96%
Qatar Arabe
96%
Syrie Arabe
96%
Yémen Arabe
96%
Chine Chinois mandarin
93%
Japon Japonais
91%
Turc
91%
Turquie Turc
91%
Afghanistan Pachto
89%
Iran Persan
88%
Thaïlande Thaï
88%
Corée du Nord Coréen
86%
Corée du Sud Coréen
86%
Arménie Arménien
80%
Brunei Malais
80%
Malaisie Malais
80%
Malais
80%
Viêt Nam Vietnamien
80%
Inde Hindi
79%
Anglais
77%
Anglais
77%
Anglais
77%
Singapour Anglais
77%
Mongolie Mongol
77%
Laos Lao
75%
Indonésie Indonésien
73%
Ouzbékistan Ouzbek
73%
Bangladesh Bengali
70%
Géorgie Géorgien
70%
Israël Hébreu
70%
Chypre Grec
68%
Kazakhstan Kazakh
68%
Taïwan Mandarin de Taïwan
68%
Mandarin standard
68%
Népal Népalais
66%
Russe
66%
Russe
66%
Russe
66%
Birmanie Birman
61%
Philippines Philippin
61%
Tadjikistan Tadjik
55%
Azerbaïdjan Azéri
54%
Tamoul
50%
Tamoul
50%
Maldives Maldivien
48%
Cambodge Khmer
46%
Kirghizistan Kirghize
46%
Pakistan Ourdou
45%
Turkménistan Turkmène
45%
Timor Oriental Portugais
39%
Kurde
36%
Dari
27%
Sri Lanka Singhalais
20%
Bhoutan Dzongkha
16%
Tétoum
14%
Aucun quiz correspondant
Distribution des résultats
% des personnes avec chaque résultat
Percentile par nombre de réponses
Votre historique - résultats
Vous n’avez pas pris ce quiz depuis la dernière actualisation